| 000 | 00814nac a22002171u 4500 | ||
|---|---|---|---|
| 010 | _a 97052390 | ||
| 020 | _a0136491383 | ||
| 082 | 0 | 0 |
_a621.3815 _bF645 |
| 090 |
_c4429 _d4429 |
||
| 100 | _aFloyd, Thomas L. | ||
| 245 | 1 | 0 |
_aElectronic devices / _cThomas L. Floyd. |
| 250 |
_a5th ed. _bInternational ed. |
||
| 260 |
_aUpper Saddle River, N.J. : _bPrentice Hall, _cc1999. |
||
| 300 |
_a1 v. various pagings : _bill. (some col.) ; _c27 cm. + _e1 computer disk (4 3/4 in.) |
||
| 500 | _aIncludes index. | ||
| 500 | _aInternational Edition. | ||
| 650 | 0 | _aElectronic apparatus and appliances. | |
| 650 | 0 | _aSolid state electronics. | |
| 942 |
_cBB _k621.3815F645 |
||
| 999 |
_c4429 _d4429 |
||